LEADER 00882nam0-22003011i-450- 001 990006829160403321 005 20141202122627.0 035 $a000682916 035 $aFED01000682916 035 $a(Aleph)000682916FED01 035 $a000682916 100 $a20010426d1996----km-y0itay50------ba 101 0 $aita 102 $aIT 105 $ay-------001yy 200 1 $aPiccola impresa$eerrori, punti forti e punti deboli$eguida per gli operatori$fGiuseppe Russo 210 $aMilano$cFrancoAngeli$dc1996 215 $a144 p.$d22 cm 225 1 $aFormazione permanente$hSez. 1$iProblemi d'oggi$v157 676 $a658.022 700 1$aRusso,$bGiuseppe$f<1938- >$0495443 801 0$aIT$bUNINA$gRICA$2UNIMARC 901 $aBK 912 $a990006829160403321 952 $aCOLLEZ. 310 (157)$b28314$fFSPBC 959 $aFSPBC 996 $aPiccola impresa$9625830 997 $aUNINA LEADER 01996nam0-2200601li-450 001 990000147000203316 005 20180918155418.0 010 $a88-220-0801-6 035 $a0014700 035 $aUSA010014700 035 $a(ALEPH)000014700USA01 035 $a0014700 100 $a20019940219671983983y0itay0103----ba 101 0 $aita 102 $aIT 200 1 $aDisegno e progettazione$fMarcello Petrignani...[et al.]$gRenata Bizzotto, Giuseppe Caporicci, Carlo Mezzetti 210 $aBari$cEdizioni Dedalo$d1967 (stampa 1983) 215 $a372 p.$cill.$d22x25 cm 225 2 $a<> Politecnico$v1 410 0$12001$a<> Politecnico 606 0 $aDisegno$2BNCF 606 0 $aProgettazione$2BNCF 676 $a720.284 702 1$aPETRIGNANI,$bMarcello 702 1$aBIZZOTTO,$bRenata 702 1$aCAPORICCI,$bGiuseppe 702 1$aMEZZETTI,$bCarlo 801 $aSistema bibliotecario di Ateneo dell' Università di Salerno$gRICA 912 $a990000147000203316 951 $a720.284 DIS (A)$b0003900 951 $a720.284 DIS (A)$b15897 Ing.$c720$d00070774 951 $a720.284 PET$b576 Crd.$c720.284$d00330610 959 $aBK 969 $aTEC 969 $aCRD 979 $c19940223 979 $c20001110$lUSA01$h1712 979 $aTAMI$b40$c20010307$lUSA01$h1057 979 $aTAMI$b40$c20010307$lUSA01$h1058 979 $c20020403$lUSA01$h1622 979 $aPATRY$b90$c20040406$lUSA01$h1611 979 $aPAOLA$b90$c20150331$lUSA01$h1604 979 $aPAOLA$b90$c20150331$lUSA01$h1605 979 $aPAOLA$b90$c20150331$lUSA01$h1606 979 $aPAOLA$b90$c20150331$lUSA01$h1608 979 $aPAOLA$b90$c20150331$lUSA01$h1608 979 $aPAOLA$b90$c20150331$lUSA01$h1609 979 $aPAOLA$b90$c20150331$lUSA01$h1611 979 $aPAOLA$b90$c20150331$lUSA01$h1611 979 $aPAOLA$b90$c20150331$lUSA01$h1613 979 $aPAOLA$b90$c20150401$lUSA01$h1533 996 $aDISEGNO e progettazione$9326781 997 $aUNISA